Bolivia: una experiencia de izquierda alternativa /

Guardado en:
Bibliografiske detaljer
Hovedforfatter: Gallardo, Helio
Format: Texto
Fag:
Tags: Tilføj Tag
Ingen Tags, Vær først til at tagge denne postø!

MARC

LEADER 00000 a a2200000 04500
001 11847
003
040
100 |a Gallardo, Helio  
245 |a Bolivia:   |b una experiencia de izquierda alternativa /  |c Helio Gallardo 
650 |a IZQUIERDA  
650 |a COMPORTAMIENTO POLITICO  
650 |a PODER  
650 |a BOLIVIA  
773 |g número 129; páginas 15-22  
999 |c 36477  |d 36477